| 000 | 01166naa a22003257a 4500 | ||
|---|---|---|---|
| 001 | BR8904178 | ||
| 003 | BR-BrBNA | ||
| 005 | 20240918180523.0 | ||
| 007 | ta | ||
| 008 | 230509b bl.||||| |||| 00| 0 por d | ||
| 040 |
_aBR-BrBNA _bpor _cBiblioteca Nacional de Agricultura |
||
| 041 | _a(Pt) | ||
| 072 |
_aF01; L02; L51 _b1930 _b5212 _bGZ74 |
||
| 090 | _aF01 BR8904178 | ||
| 100 | 1 | _aAlcantara, P.B. | |
| 111 | 1 |
_a3. Semana de Zootecnia _cPirassununga, SP (Brazil) _d1978 |
|
| 245 | 1 | _aUso do cerrado como pastagem extensiva | |
| 260 | 3 |
_aPirassununga, SP (Brasil): _c1978. |
|
| 500 | _a3. Semana de Zootecnia; alimentacao animal, tecnologia - rendimento e classificacao de carcacas Pirassununga, SP (Brasil): 1978. p. 60-75 (BR8904178-AM)F01 | ||
| 650 | _aACIDEZ DO SOLO | ||
| 650 | _aPASTAGEM | ||
| 650 | _aVARIEDADE | ||
| 650 | _aBOVINO | ||
| 650 | _aPASTEJO | ||
| 650 | _aGANHO DE PESO | ||
| 650 | _aCERRADO | ||
| 773 | 0 |
_t3. Semana de Zootecnia; alimentacao animal, tecnologia - rendimento e classificacao de carcacas _wF01 BR8904178 _gPirassununga, SP (Brasil), 1978. p. 60-75 |
|
| 909 |
_a202404 _bLucia _c55 _dLucia Elande |
||
| 942 |
_cAM _2AGRIS |
||
| 999 |
_c320839 _d320839 |
||